000 00313 a2200145 4500
001 62678
020 _a9788502176171
040 _cAnchieta - Pituba
240 1 0 _aJornadas.hist 7º ano
_lpor
245 1 0 _aJornadas.hist 7º ano
300 _a288
362 0 _a2012
650 4 _aHistória do mundo
942 _cBK
999 _c62678
_d62678